| 000 | 00378nam a22001457a 4500 | ||
|---|---|---|---|
| 020 | _a9789381269190 | ||
| 040 | _cNust | ||
| 082 |
_a620.0042015 _bARO |
||
| 100 |
_aArora,. S Jasbir _9124313 |
||
| 245 | _aIntroduction to Optimum Design | ||
| 250 | _a3rd Edition | ||
| 260 |
_aBoston: _bElsevier, _c2012. |
||
| 650 |
_aIntroduction to Optimum Design _9123804 |
||
| 942 |
_2ddc _cBK |
||
| 999 |
_c610207 _d610207 |
||